| 000 | 01282cam a22003613a 4500 | ||
|---|---|---|---|
| 001 | 1097 | ||
| 005 | 20230815154957.0 | ||
| 008 | 020225s2002 nyua j 000 1 eng d | ||
| 020 | _a0439368030 | ||
| 020 | _a9780439368032 | ||
| 040 |
_aXCX _cXCX _dOCLCQ _dDLC _beng |
||
| 050 | 0 | 0 | _aPZ7.D128 |
| 082 | _aFic | ||
| 100 | 1 | _aDadey, Debbie | |
| 245 | 1 | 0 |
_aWizards don't wear graduation gowns / _cby Debbie Dadey and Marcia Thornton Jones ; illustrated by John Steven Gurney. |
| 260 |
_aNew York : _bScholastic, _c2002 |
||
| 300 |
_a74 pages : _billustrations ; _c20 cm |
||
| 490 | 1 |
_aAdventures of the Bailey School kids ; _vBook 45 |
|
| 500 | _a"A Little Apple paperback." | ||
| 505 | _aO | ||
| 520 | _aThe Bailey School kids set out to discover whether the new assistant principal is really a wizard | ||
| 521 |
_a630
_bLexile |
||
| 521 |
_aO
_bRaz-Plus |
||
| 650 | 0 |
_aAssistant school principals _vJuvenile fiction. |
|
| 650 | 0 |
_aWizards _vFiction. |
|
| 650 | 0 |
_aBailey School Kids (Fictitious characters) _vFiction. |
|
| 655 | 7 |
_aChildren's stories. _2lcsh |
|
| 655 | 7 |
_aFantasy fiction. _2gsafd |
|
| 700 | 1 | _aJones, Marcia Thornton. | |
| 700 | 1 |
_aGurney, John Steven, _d1962- |
|
| 906 |
_a7 _bcbc _ccopycat _d2 _encip _f20 _gy-genrareb |
||
| 942 |
_2ddc _cBK _n0 |
||
| 999 |
_c1097 _d1097 |
||